The stolen superpowers / (Record no. 4302)

MARC details
000 -LEADER
fixed length control field 01566cam a2200337 a 4500
001 - CONTROL NUMBER
control field 4302
003 - CONTROL NUMBER IDENTIFIER
control field FISKH
005 - DATE AND TIME OF LATEST TRANSACTION
control field 20250829144755.0
008 - FIXED-LENGTH DATA ELEMENTS--GENERAL INFORMATION
fixed length control field 080724s2009 mnua c 000 1 eng
010 ## - LIBRARY OF CONGRESS CONTROL NUMBER
LC control number 2008032476
020 ## - INTERNATIONAL STANDARD BOOK NUMBER
International Standard Book Number 9781434211606 (library binding)
020 ## - INTERNATIONAL STANDARD BOOK NUMBER
International Standard Book Number 9781434213730 (pbk.)
040 ## - CATALOGING SOURCE
Original cataloging agency DLC
Transcribing agency DLC
Modifying agency DLC
Language of cataloging eng
050 00 - LIBRARY OF CONGRESS CALL NUMBER
Classification number PZ7.P87758
082 ## - DEWEY DECIMAL CLASSIFICATION NUMBER
Classification number 813.6
100 1# - MAIN ENTRY--PERSONAL NAME
Personal name Powell, Martin,
Dates associated with a name 1959-
245 14 - TITLE STATEMENT
Title The stolen superpowers /
Statement of responsibility, etc. written by Martin Powell ; illustrated by Rick Burchett and Lee Loughridge.
260 ## - PUBLICATION, DISTRIBUTION, ETC.
Place of publication, distribution, etc. Minneapolis :
Name of publisher, distributor, etc. Stone Arch Books,
Date of publication, distribution, etc. 2009.
300 ## - PHYSICAL DESCRIPTION
Extent 48 pages :
Other physical details color illustrations ;
Dimensions 19 cm
490 0# - SERIES STATEMENT
Series statement DC super heroes. Superman
500 ## - GENERAL NOTE
General note "Superman created by Jerry Siegel and Joe Shuster."
505 ## - FORMATTED CONTENTS NOTE
Formatted contents note Q<br/>
520 ## - SUMMARY, ETC.
Summary, etc. Superman has his hands full. First, he encounters his cousin, Super girl, a reckless teenager with powers like his own. Then he confronts a creature known as Parasite, who can absorb Superman's strength and super-speed just by touching him. Superman knows enough to not shake hands with the deadly fiend, but Super girl is still learning the ropes. Filled with her power, the Parasite now battles the Man of Steel in a fight that rocks the planet. How can Superman defeat a villain who gets more powerful with each punch?
521 ## - TARGET AUDIENCE NOTE
Target audience note 660<br/>
Source Lexile <br/>
521 ## - TARGET AUDIENCE NOTE
Target audience note Q<br/>
Source Raz-Plus<br/>
650 #1 - SUBJECT ADDED ENTRY--TOPICAL TERM
Topical term or geographic name entry element Superheroes
Form subdivision Fiction.
700 1# - ADDED ENTRY--PERSONAL NAME
Personal name Burchett, Rick,
Relator term illustrator
906 ## - LOCAL DATA ELEMENT F, LDF (RLIN)
a 7
b cbc
c orignew
d 1
e ecip
f 20
g y-gencatlg
942 ## - ADDED ENTRY ELEMENTS (KOHA)
Source of classification or shelving scheme Dewey Decimal Classification
Koha item type Books
Suppress in OPAC No
Holdings
Withdrawn status Lost status Source of classification or shelving scheme Damaged status Not for loan Collection Home library Current library Shelving location Date acquired Total Checkouts Full call number Barcode Date last seen Date last checked out Copy number Price effective from Koha item type
    Dewey Decimal Classification     Juvenile Fiction Footprints International School Library Network Toul Kork Campus Footprints International School Library Network Toul Kork Campus TK Primary Library Room(4th Floor), Bookcase 5&6, Shelves 33-56, Orange Books 07/16/2024 2 POW 813.6 PZ7.P87758 FISTK00234 03/02/2026 02/02/2026 1 07/16/2024 Books
    Dewey Decimal Classification     Juvenile Fiction Footprints International School Library Network Toul Tom Poung Campus Footprints International School Library Network Toul Tom Poung Campus TTP Primary Orange Bookshelves 08/29/2025   POW 813.6 PZ7.P87758 FIS03110 08/29/2025   2 08/29/2025 Books